Themes of the Byzantine Empire in 1200 on a Map - Statistics

General Stats
  • This quiz has been taken 84 times
  • The average score is 8 of 32
Answers on the Map
Answers color-coded by a green-red scale on the quiz's map according to % correct below.
 
Answer Stats
Answer % Correct
1 Crete
83%
1 Thracomacedonia
82%
1 Macedonia
77%
2 Rhodes
60%
1 Peloponnese
55%
1 Thessalonica
54%
1 Trebizond
49%
1 Aegean
48%
1 Samos
37%
1 Bulgaria
32%
1 Hellas
32%
1 Cherson
28%
1 Opsician
28%
1 Sinope and Oinaion
22%
1 Ohrid and Dyrrhachium
20%
1 Nicomedia
18%
1 Actia Nicopolis
17%
1 Paphlagonia
17%
1 Thracesian
12%
1 Bucellarian
11%
1 Seleucia
9%
1 Optimates
8%
1 Servia
6%
1 Anchialos
5%
2 Arbanon
5%
2 Tmutarakan
5%
1 Achyraous and Neokastra
3%
1 Malagina
3%
1 Meander
3%
1 Mylasa and Melanaoudion
3%
1 Niš
3%
1 Berrhoea
2%
No matching quizzes found
Score Distribution
Percent of People with Each Score
Percentile by Number Answered
Your Score History
You have not taken this quiz